Score 0/24 Timer 03:00
1 Play Today
Name Missing Word % Correct
Joseph ____ Stalin
97.6%
____ Freud Sigmund
93.9%
Johann ____ BachSebastian
91%
____ Bull Sitting
89.5%
William ____ Shakespeare
87.7%
____ B. Anthony Susan
87.1%
____ Bolívar Simón
81.4%
Harriet Beecher ____ Stowe
78%
____ Plath Sylvia
71.5%
Coretta ____ King Scott
66.2%
____ Jackson Stonewall
66.1%
____ RushdieSalman
65.7%
Name Missing Word % Correct
____ Truth Sojourner
62.3%
Jean-Paul ____ Sartre
61.5%
Percy Bysshe ____ Shelley
57.4%
____ Tzu Sun
50.6%
Haile ____ Selassie
49.7%
____ MiloševićSlobodan
47.9%
Elizabeth Cady ____Stanton
45.8%
____ Zulu Shaka
43.6%
Sonia ____ Sotomayor
42.8%
____ the Magnificent Suleiman
39.5%
____ Gautama Siddhārtha
30.1%
Aung San ____ Kyi Suu
24.7%

Today's Daily Dose

Missing Word
Marvin Gaye Songs

Quick Pick
Movies of 2019

Get the Picture
Chinese Cities

You're not logged in!

Compare scores with friends on all Sporcle quizzes.
OR
Log In

Sporcle TV

Today on Sporcle TV


Watch our educational content, quiz creation guides, and fun videos on Sporcle TV.

Show Comments

Extras

Top Quizzes Today


Score Distribution

Your Account Isn't Verified!

In order to create a playlist on Sporcle, you need to verify the email address you used during registration. Go to your Sporcle Settings to finish the process.

Report this User

Report this user for behavior that violates our Community Guidelines.

Details: